Top 10 NBA players by decade - Statistics

General Stats
  • This quiz has been taken 54 times
  • The average score is 39 of 70
Answer Stats
Decade Player % Correct
1990s Michael Jordan
92%
1990s Karl Malone
89%
1980s Moses Malone
89%
2010s LeBron James
86%
1970s Julius Erving
84%
2000s Kobe Bryant
84%
2000s Shaquille O'Neal
84%
1960s Bill Russell
81%
1970s Kareem Abdul-Jabbar
81%
2010s Kevin Durant
81%
1980s Larry Bird
81%
1990s Scottie Pippen
81%
2010s Stephen Curry
81%
1980s Isiah Thomas
78%
1960s Jerry West
78%
1980s Magic Johnson
78%
1950s Bob Cousy
76%
1960s Elgin Baylor
76%
1950s George Mikan
76%
2010s James Harden
76%
1960s Wilt Chamberlain
76%
2000s Allen Iverson
70%
1990s John Stockton
70%
2000s Tim Duncan
70%
1950s Bob Pettit
68%
1990s Hakeem Olajuwon
68%
1970s John Havlicek
68%
1990s David Robinson
65%
2010s Dwyane Wade
65%
1990s Charles Barkley
62%
2000s Dirk Nowitzki
62%
1960s Oscar Robertson
62%
1990s Patrick Ewing
62%
2000s Steve Nash
62%
2000s Kevin Garnett
59%
1980s Kevin McHale
57%
2010s Russell Westbrook
57%
1970s Willis Reed
57%
2010s Chris Paul
54%
1970s Elvin Hayes
54%
2000s Jason Kidd
54%
1950s Paul Arizin
54%
1990s Clyde Drexler
51%
1980s Dominique Wilkins
51%
1960s Sam Jones
51%
2010s Kawhi Leonard
49%
2010s Dwight Howard
46%
1990s Gary Payton
46%
1970s Walt Frazier
46%
1970s George Gervin
43%
2000s Paul Pierce
43%
1970s Rick Barry
43%
1980s Alex English
41%
1970s Bob McAdoo
41%
1980s James Worthy
41%
1950s Dolph Schayes
38%
1980s Adrian Dantley
35%
1980s Bernard King
35%
2010s Carmelo Anthony
30%
1970s Nate Archibald
30%
2000s Tracy McGrady
30%
1950s Bill Sharman
27%
1960s Nate Thurmond
27%
1960s Hal Greer
19%
1950s Neil Johnston
16%
1960s Walt Bellamy
14%
1950s Ed Macauley
11%
1950s George Yardley
11%
1960s Jerry Lucas
11%
1950s Vern Mikkelsen
11%
No matching quizzes found
Score Distribution
Percent of People with Each Score
Percentile by Number Answered
Your Score History
You have not taken this quiz